[Event "Marianske Lazne op 12th"]
[Site "Marianske Lazne"]
[Date "2013.01.19"]
[Round "1"]
[White "Anjali, Palande"]
[Black "Chudinovskih, Alexander N"]
[Result "0-1"]
[WhiteElo "1842"]
[BlackElo "2263"]
[PlyCount "52"]
[EventDate "2013.01.19"]
[EventType "swiss"]
[EventRounds "9"]
[EventCountry "CZE"]
[SourceTitle "CBM 152 Extra"]
[Source "ChessBase"]
[SourceDate "2013.02.25"]
[SourceVersion "1"]
[SourceVersionDate "2013.02.25"]
[SourceQuality "1"]

1. e4 e5 2. Nf3 Nc6 3. Bb5 a6 4. Ba4 Nf6 5. 0-0 Be7 6. Re1 b5 7. Bb3 0-0 8. h3 Bb7 9. c3 d5 10. exd5 Nxd5 11. Nxe5 Nxe5 12. Rxe5 Nf4 13. d4 Nxg2 14. Qg4 Nh4 15. d5 Ng6 16. Rh5 Qd6 17. Nd2 Bc8 18. Qf3 Nf4 19. Kh1 Nxh5 20. Qxh5 g6 21. Qf3 Qf6 22. Qxf6 Bxf6 23. Ne4 Bg7 24. Bf4 Re8 25. Nc5 Bf8 26. Be3 Rxe3 0-1

[Event "IND-chB (Women)"]
[Site "Shilpgram"]
[Date "2010.08.28"]
[Round "11"]
[White "Anjali, Palande"]
[Black "Smaraki, Mohanty"]
[Result "0-1"]
[WhiteElo "1865"]
[BlackElo "1644"]
[PlyCount "142"]
[EventDate "2010.08.20"]
[EventType "swiss"]
[EventRounds "11"]
[EventCountry "IND"]
[SourceTitle "CBM 138 Extra"]
[Source "ChessBase"]
[SourceDate "2010.10.29"]
[SourceVersion "1"]
[SourceVersionDate "2010.10.29"]
[SourceQuality "1"]

1. e4 c6 2. d4 d5 3. Nc3 dxe4 4. Nxe4 Bf5 5. Ng3 Bg6 6. Nf3 Nd7 7. Bd3 Bxd3 8. Qxd3 e6 9. Ne4 Qc7 10. 0-0 Ngf6 11. Nxf6+ Nxf6 12. Ne5 Bd6 13. Qe2 0-0 14. Bg5 Bxe5 15. dxe5 Nd5 16. c4 Ne7 17. Rad1 Ng6 18. Rfe1 h6 19. Bc1 Rad8 20. f4 Rxd1 21. Rxd1 Rd8 22. Rxd8+ Qxd8 23. Qd2 Qxd2 24. Bxd2 h5 25. Kf2 f6 26. exf6 gxf6 27. g3 Kf7 28. Bc3 e5 29. fxe5 fxe5 30. Kf3 Ke6 31. Ke4 a6 32. c5 Kf6 33. h3 Ke6 34. a3 Kf6 35. g4 hxg4 36. hxg4 Kg5 37. Bxe5 Kxg4 38. Bd6 Kg5 39. Be5 Nf8 40. Bd6 Nd7 41. Be7+ Kg6 42. Bd6 Kf6 43. Kf4 Ke6 44. Ke4 Nf6+ 45. Kd4 Kf5 46. Bg3 Nh7 47. Kc4 Ke4 48. Kb4 Nf6 49. Kc4 Ng4 50. Kc3 Nf6 51. Kc4 Nd5 52. Bh4 Ne3+ 53. Kb4 Kd3 54. Kb3 Nd5 55. Bg5 Kd4 56. Kc2 Kxc5 57. Kd3 Nc7 58. Ke4 Kc4 59. Bh6 Kb3 60. Bg7 Ne6 61. Bc3 Nc5+ 62. Ke5 Na4 63. Bd4 c5 64. Be3 Kxb2 65. Kd5 Kxa3 66. Kc4 b5+ 67. Kd3 c4+ 68. Kc2 b4 69. Kb1 b3 70. Bg5 b2 71. Be7+ Kb3 0-1